000 00804nam a22002057a 4500
999 _c189928
_d189928
005 20220714154533.0
010 _aUR-11652
020 _a
_c550.00
035 _aU-10207
037 _bDBAD/PUB
_a-
082 _a841.08
100 _aعز یز الر حمان
245 _aاردو ادب کا کوہنور کرامت علی کرامت /
_cعز یز الر حمان اور عبد المتین جامی
_hا ر د و
246 _aUrdu Adab ka Kohinoor-Karamat Ali Karamat /
_bby Shaikh Azizur Rahman [and] Abdul Matin Jami
260 _aBhubaneswar
_bOdisha Urdu Academy
_c2022 ء
270 _aSanskruti Bhawan, Museum Complex, B.J.B. Nagar
_bBhubaneswar
_e751014
300 _a504 ص
_c22cm(Hb)
700 _aعبد المتین جامی
942 _2ddc
_cUR
_h841.08
_mع ز ی